000 00594nam a2200205Ia 4500
003 IN-BaIIA
008 211028s9999 xx 000 0 eng d
020 _a0-444-10806-8
040 _cIIA Library
080 _a047.1:535
_bPRO-13
245 0 _aProgress in optics
_bvol. 13
_cedited by E. Wolf
260 _aAmsterdam
_bNorth-Holland
_c1976
300 _axiv, 306p.
650 _a Astronomical optics 
_98324
650 _a Optical properties
_97991
650 _a Optics 
_97974
650 _aAstronomy and Astrophysics Thesaurus 
_91143
700 _aWolf, E., ed.
_93849
942 _cBK
999 _c4901
_d4901